LEADER 03475nam0 22007213i 450 001 MOD0737047 005 20251003044240.0 020 $aIT$b767131 100 $a20120109d1976 ||||0itac50 ba 101 | $aita$cita 102 $ait 181 1$6z01$ai $bxxxe 182 1$6z01$an 183 1$6z01$anc$2RDAcarrier 200 1 $aLotte operaie nello sviluppo capitalistico$fRaniero Panzieri$ga cura di Sandro Mancini 210 $aTorino$cEinaudi$dc1976 215 $aXXXIX, 96 p.$d18 cm 225 | $aPiccola biblioteca Einaudi$v273 410 0$1001CFI0010621$12001 $aPiccola biblioteca Einaudi$v273 500 10$aLotte operaie nello sviluppo capitalistico$3UTO1457303$9CFIV042334$9688259 606 $aCapitalismo$xSaggi$2FIR$3CFIC138600$9I 606 $aMovimento operaio$2FIR$3CFIC010998$9E 606 $aCapitalismo$2FIR$3CFIC001630$9E 606 $aMovimento operaio$2FIR$3CFIC010998$9E 606 $aMarxismo$xItalia$2FIR$3CFIC046670$9I 606 $aLotta di classe$2FIR$3CFIC099216$9E 606 $aCapitalismo$xLotte operaie$2FIR$3LO1C617458$9I 676 $a330.122$9SISTEMI ECONOMICI. LIBERA INIZIATIVA$v19 676 $a330.122$9SISTEMI ECONOMICI. ECONOMIA DELLA LIBERA IMPRESA$v21 676 $a331.88$9SINDACATI$v21 676 $a331.880945$9SINDACATI. Italia$v23 676 $a331.890945$9CONTRATTAZIONE COLLETTIVA E VERTENZE SINDACALI. Italia$v22 676 $a335.430 945$9$v20 686 $aX14.3$cMARXISMO E REVISIONISMO DIBATTITO POLITICO-IDEOLOGICO$2R 696 $aNeocapitalismo 696 $aOpposizione operaia 696 $aNeocapitalismo 696 $aOpposizione operaia 696 $aConflitto di classe 696 $aNeocapitalismo 699 $aCapitalismo$zNeocapitalismo 699 $aMovimento operaio$zOpposizione operaia 699 $aCapitalismo$zNeocapitalismo 699 $aMovimento operaio$zOpposizione operaia 699 $aLotta di classe$yConflitto di classe 699 $aCapitalismo$zNeocapitalismo 700 1$aPanzieri$b, Raniero$3CFIV042334$4070$049116 702 1$aMancini$b, Sandro$3CFIV073048$4340 801 3$aIT$bIT-000000$c20120109 850 $aIT-BN0095 $aIT-SA0200 $aIT-NA0243 $aIT-SA0252 $aIT-AV0003 $aIT-AV0007 $aIT-NA0079 $aIT-NA0581 $aIT-NA0230 $aIT-BN0015 901 $bNAP 63$cDONO $n$ 901 $bNAP 83$cIAN $n$ 901 $bNAP AV$cSEZ. M $nSezione Moderna 901 $bNAP FC$cFONDO $n$ 901 $bNAP 67$cSALA E $nComprende monografie di vario argomento 901 $bNAP 01$cPOZZO LIB.$nVi sono collocati fondi di economia, periodici di ingegneria e scienze, periodici di economia e statistica e altri fondi comprendenti documenti di economia pervenuti in dono. 901 $bNAP AR$cP. CICCONE$nDONAZIONE 912 $aMOD0737047 950 0$aBiblioteca Centralizzata di Ateneo$c1 v.$d 01POZZO LIB.F. SANTI 364$e 0101 0060032825E VMA 1 v. (Precedente collocazione S 408)$fB $h20221109$i20221109 950 0$aCentro Librario e Bibliotecario per la Diffusione della cultura$c1 v.$d 67SALA E Coll. 5/273$e 67 0000376875 VMA 1 v.$fA $h20201123$i20201123 977 $a 01$a 63$a 67$a 83$a AR$a AV$a BN$a FC$a IR$a PB 996 $aLotte operaie nello sviluppo capitalistico$9688259 997 $aUNISANNIO